000 00634nam a22001817a 4500
008 161008b xxu||||| |||| 00| 0 eng d
020 _a9780131248632
050 _aGB 54.5 .C47 2006
100 _aChristopherson, Robert W.
_d2006
245 _aGeosystems:
_bAn Introduction to Physical Geography/
_cRobert W. Christopherson, Mary-Louise Byrne and Alec Aitken.
260 _aToronto:
_bPearson,
_c2006
300 _axv,756p.:
_bill.;
521 _aIncludes Index.
650 _aPhysical Geography-Textbooks.
700 _aByrne, Mary-Louise.
700 _aAitken, Alec.
942 _2lcc
_cBOOKS
_hGB 54.5 .C47 2006
_02
999 _c14803
_d14803